000 01665nam a2200397 c 4500
003 BLK
005 20241212095503.0
008 180407b bul|||||r ||||||| ||bul||
010 _aKNG00031466000
020 _a954-528-166-9
_bиздат.: Труд
040 _aBLK
041 _aBUL
_cBUL
080 _aШпионаж. Политическо влияние чрез тайни (разузнавателни) служби
_b327.84
_x(075)
_z327.84(075)
080 _aОпазване на обществения ред и спокойствие
_b351.75
_x(075)
_z351.75(075)
100 1 _aАсенов, Бончо Станоев
_eпърви автор
_9363484
700 1 _aКипров, Петко
_eсъавт.
_9269973
139 _aАсенов, Бончо Станоев и др.
_bА 92
245 1 0 _aТеория на контраразузнаването
_bСрещу кого, къде и кога се прилагат тайни средства и методи
_cБончо Станоев Асенов; съавт. Петко Кипров.
257 _aBGR
260 София
_bТруд
_c2000
300 _a344 с.
_c21 см
380 _a3
490 1 _aПоредица Строго секретно
650 4 _aРазузнаване
_9168859
650 4 _aШпионаж и диверсия
_9242689
650 4 _aОхрана и сигурност
_9266473
653 _aразузнаване
653 _aшпионаж
653 _aохрана
852 _aЦб 204237
856 4 _qpdf
_u
856 4 _qpdf
_u
942 _cKNG
_n0
_05
944 _aCR
_c15.01.2003
_k30575
_lМартин Енчев
944 _aED
_c15.01.2003
_k
999 _c28866
_d28866